Compatibilización de mazclas de PE, PP y PS : aplicación de la reacción de alquilación de Friedel-Crafts /
Guardado en:
| Otros Autores: | |
|---|---|
| Formato: | Manuscrito |
| Idioma: | Spanish |
| Publicado: |
2004.
|
| Materias: | |
| Etiquetas: |
Agregar Etiqueta
Sin Etiquetas, Sea el primero en etiquetar este registro!
|
| LEADER | 00943ntm a22002295a 4500 | ||
|---|---|---|---|
| 001 | EIQ.libpla003272 | ||
| 008 | 071116s2004####ag#a#####bm###000#0#spa#d | ||
| 005 | 20071116200246.0 | ||
| 245 | 1 | 0 | |a Compatibilización de mazclas de PE, PP y PS : |b aplicación de la reacción de alquilación de Friedel-Crafts / |c Mónica Fátima Díaz. |
| 260 | |c 2004. | ||
| 300 | |a 174 p. : |b il. ; |c 21 cm. | ||
| 502 | |a Tesis (doctorado)--Universidad Nacional del Sur. Departamento de Ingeniería Química, 2004. | ||
| 500 | |a Director de tesis: Ing. Numa Capiati. | ||
| 504 | |a Incluye referencias bibliográficas. | ||
| 100 | 1 | |a Díaz, Mónica Fátima. |4 dis | |
| 710 | 2 | |a Universidad Nacional del Sur. |b Departamento de Ingeniería Química |4 dgg. | |
| 650 | 4 | |a Polímeros |x Tesis. | |
| 650 | 4 | |a Polímeros |x Mezclas. | |
| 650 | 4 | |a Polymers |x Thesis. | |
| 650 | 4 | |a Polymers |x Blends. | |
| 040 | |a AR-BbSID |b spa |c AR-BbSID | ||
| 859 | |a AR-BbSID |b BIB. PLAPIQUI |h 668.423 |i D 54 |p 5730 | ||
